CEO chess master of gardener ? (Record no. 165539)

MARC details
000 -LEADER
fixed length control field 00690nam a22001937a 4500
005 - DATE AND TIME OF LATEST TRANSACTION
control field 20190621144518.0
010 ## - LCCN (DPL NO)
LC control number ENG-125702
020 ## - INTERNATIONAL STANDARD BOOK NUMBER
International Standard Book Number 9780199485652
Terms of availability 750.00
035 ## - SYSTEM CONTROL NUMBER
System control number EN-109234
037 ## - SOURCE OF ACQUISITION
Source of stock number/acquisition DBAD/PUB
082 ## - DEWEY DECIMAL CLASSIFICATION NUMBER
Classification number 658.402
100 ## - MAIN ENTRY--PERSONAL NAME
Personal name Khandelwal, Anil K.
245 ## - TITLE STATEMENT
Title CEO chess master of gardener ?
Statement of responsibility, etc Anil K. Khandelwal
Remainder of title how game-changing HR reforms created a new future for bank of baroda / /
260 ## - PUBLICATION, DISTRIBUTION, ETC. (IMPRINT)
Place of publication, distribution, etc New Delhi
Name of publisher, distributor, etc Oxford university press
Date of publication, distribution, etc 2018
270 ## - ADDRESS
Address 2/11, Ground Floor, Ansai Road, Daryaganj
City New Delhi
Postal code 110002
300 ## - PHYSICAL DESCRIPTION
Extent 358p.
Dimensions 23cm(Hb)
500 ## - GENERAL NOTE
General note Includes bibliographical references and index
942 ## - ADDED ENTRY ELEMENTS (KOHA)
Source of classification or shelving scheme Dewey Decimal Classification
Item type English Books
Classification part 658.402
Call number suffix KHA
Holdings
Withdrawn status Lost status Not for loan Collection code Home library Current library Date acquired Source of acquisition Cost, normal purchase price Full call number Barcode Copy number Cost, replacement price Koha item type
    Not For Loan Non-fiction D.B.Act.Division Mobile Library 21/06/2019 DBAD/PUB 750.00 658.402 KHA EN-109234 1 750.00 English Books

© Delhi Public Library
Hit Counter
free hit counter